000 00505cam a2200193ua 4500
001 3863
008 111206n ii |||gr||||Z||||||asm
020 _a86827-82-X
040 _cMAIN
082 _a891.4511
100 1 _aPujari, Archana,
_eEditor.
245 1 1 _aAsamiya kabitar vichar visleson
_ced. by Archana Pujari
250 _a2nd.
260 _aGuwahati:
_bJyoti Prakashan,
_c2006.
300 _a248p:
_c23cm.
653 _aAssamese poem
653 _aAsamiya kabitar vichar visleson
942 _cBK
999 _c3686
_d3686